Catalog

Record Details

Catalog Search



Manažerské znalosti a dovednosti pro sestry  Cover Image Book Book

Manažerské znalosti a dovednosti pro sestry / Zuzana Hekelová

Hekelová, Zuzana (Author).

Record details

  • ISBN: 978-80-247-4032-4 (brož.)
  • Physical Description: 124 s. : il. ; 21 cm
  • Edition: 1. vyd.
  • Publisher: Praha : Grada, 2012

Content descriptions

Bibliography, etc. Note:
Obsahuje bibliografii a rejstřík
Language Note:
Anglické resumé
Subject: zdravotní sestry
manažerské dovednosti
Genre: příručky

Available copies

  • 1 of 1 copy available at Common Catalog SPOK.

Holds

  • 0 current holds with 1 total copy.
Show Only Available Copies
Location Call Number / Copy Notes Barcode Shelving Location Status Due Date
Jabok Library Soc-8.2 424480028220 Odborná literatura Available -

LDR 01118nam a2200373 a 4500
00116718
003CZ-PrJAB
00520130319134451.0
007ta
008120713s2012 xr a e f 001 0 cze
015 . ‡acnb002380226
020 . ‡a978-80-247-4032-4 (brož.)
035 . ‡a(CONS)16718
035 . ‡a(CZ PrNK)nkc20122380226
040 . ‡aOLA001 ‡bcze ‡dABA001
0410 . ‡acze ‡beng
072 7. ‡a614 ‡xVeřejné zdraví a hygiena ‡2Konspekt ‡914
080 . ‡a614.253.5 ‡2MRF
080 . ‡a005.336.5 ‡2MRF
080 . ‡a(035) ‡2MRF
1001 . ‡aHekelová, Zuzana ‡7ola2012713116 ‡4aut
24510. ‡aManažerské znalosti a dovednosti pro sestry / ‡cZuzana Hekelová
250 . ‡a1. vyd.
260 . ‡aPraha : ‡bGrada, ‡c2012
300 . ‡a124 s. : ‡bil. ; ‡c21 cm
4901 . ‡aSestra
504 . ‡aObsahuje bibliografii a rejstřík
546 . ‡aAnglické resumé
65007. ‡azdravotní sestry ‡7ph137872 ‡2czenas
65007. ‡amanažerské dovednosti ‡7ph472867 ‡2czenas
655 7. ‡apříručky ‡7fd133209 ‡2czenas
830 0. ‡aSestra (Grada)
910 . ‡aABG312
9281 . ‡aGrada Publishing
901 . ‡a16718 ‡b ‡c16718 ‡tbiblio

Additional Resources